| 000 | 00382nam a22001337a 4500 | ||
|---|---|---|---|
| 040 | _cNUST | ||
| 082 | _a892.892 THR | ||
| 100 |
_aThrun, Sebastian _9123064 |
||
| 110 |
_aBurgard, Wolfram Fox, Dieter _9123065 |
||
| 245 | _aProbabilistic Robotics | ||
| 260 |
_aUSA: _bThe MIT Press, _c2012. |
||
| 650 |
_aIntelligent Robotics and Autonomous Agents series _9123066 |
||
| 942 |
_2ddc _cBK |
||
| 999 |
_c609377 _d609377 |
||